Secret Revelations of Chintamani Tara : (Record no. 1431306)

MARC details
000 -LEADER
fixed length control field 02523nam a22003975i 4500
001 - CONTROL NUMBER
control field 22836581
005 - DATE AND TIME OF LATEST TRANSACTION
control field 20250602145707.0
008 - FIXED-LENGTH DATA ELEMENTS--GENERAL INFORMATION
fixed length control field 221020s2023 mau 000 0 eng
010 ## - LIBRARY OF CONGRESS CONTROL NUMBER
LC control number 2022948465
020 ## - INTERNATIONAL STANDARD BOOK NUMBER
International Standard Book Number 9781614295655
037 ## - SOURCE OF ACQUISITION
Terms of availability TB
040 ## - CATALOGING SOURCE
Original cataloging agency CRL
Language of cataloging eng
Description conventions rda
Transcribing agency CRL
Modifying agency CRL
042 ## - AUTHENTICATION CODE
Authentication code pcc
084 ## - COLON CLASSIFICATION NUMBER
Classification number Q4:23 R3
Assigning agency CRL
100 1# - MAIN ENTRY--PERSONAL NAME
Personal name Nyingpo, Pabongkha Dechen,
Relator term author.
9 (RLIN) 811411
245 14 - TITLE STATEMENT
Title Secret Revelations of Chintamani Tara :
Remainder of title Generation and completion stage practice and commentary
250 ## - EDITION STATEMENT
Edition statement First wisdom edition.
260 ## - PUBLICATION, DISTRIBUTION, ETC.
Place of publication, distribution, etc. Somerville, USA:
Name of publisher, distributor, etc. Wisdom Publications,
Date of publication, distribution, etc. 2023.
263 ## - PROJECTED PUBLICATION DATE
Projected publication date 2304
264 #1 - PRODUCTION, PUBLICATION, DISTRIBUTION, MANUFACTURE, AND COPYRIGHT NOTICE
Date of production, publication, distribution, manufacture, or copyright notice 2023.
300 ## - PHYSICAL DESCRIPTION
Extent viii, 260p. cm
336 ## - CONTENT TYPE
Content type term text
Content type code txt
Source rdacontent
337 ## - MEDIA TYPE
Media type term unmediated
Media type code n
Source rdamedia
338 ## - CARRIER TYPE
Carrier type term volume
Carrier type code nc
Source rdacarrier
365 ## - TRADE PRICE
Price amount 49.95
Currency code USD
490 0# - SERIES STATEMENT
Series statement Dechen ling practice series
520 ## - SUMMARY, ETC.
Summary, etc. "In this book, beloved teacher Pabongkha Rinpoche shares the teachings that his teacher, Gargyi Wangpo Takphu Dorje Chang, received directly from Chittamani Tara herself. Secret Revelations of Chittamani Tara contains many profound oral instructions that are not easily found elsewhere, including one of the most powerful and practical discourses on the completion stage to be found anywhere in English translation. Rinpoche has supplemented his commentary with teachings from the Gaden Hearing Lineage as well as the general tantric teachings of the Gelug tradition. Also included are the Chittamani Tara self-generation sadhana, the ganachakra offering for Chittamani Tara, and three beautiful and moving praises and prayers to Tara composed by masters in the tradition. Lovingly translated by the scholar-monk David Gonsalez, Secret Revelations of Chittamani Tara is a guiding force leading all living beings to the state of Arya Tara. The material in this book is restricted. This book may be read only by those who have received an empowerment into any of the four classes of tantra. In order to practice this material, you must have received both the common and uncommon Chittamani Tara empowerments"--
Assigning source Provided by publisher.
650 ## - SUBJECT ADDED ENTRY--TOPICAL TERM
Topical term or geographic name entry element Religion
650 ## - SUBJECT ADDED ENTRY--TOPICAL TERM
Topical term or geographic name entry element Buddhism
650 ## - SUBJECT ADDED ENTRY--TOPICAL TERM
Topical term or geographic name entry element Tantra
9 (RLIN) 438261
700 1# - ADDED ENTRY--PERSONAL NAME
Personal name Gonsalez, David
Relator term translator.
9 (RLIN) 811412
906 ## - LOCAL DATA ELEMENT F, LDF (RLIN)
a 0
b ibc
c orignew
d 2
e epcn
f 20
g y-gencatlg
942 ## - ADDED ENTRY ELEMENTS (KOHA)
Source of classification or shelving scheme Colon Classification (CC)
Koha item type Textbook
Classification part Q4:23 R3
Suppress in OPAC No
Holdings
Withdrawn status Lost status Source of classification or shelving scheme Damaged status Not for loan Home library Current library Date acquired Source of acquisition Cost, normal purchase price Inventory number Total Checkouts Full call number Barcode Date last seen Price effective from Koha item type
    Colon Classification (CC)     Central Library Central Library 2025-06-02 Segment Book Distributors 49.95 69201 & 2024-12-06   Q4:23 R3 CL1681793 2025-06-02 2025-06-02 Textbook
Copyright @ Delhi University Library System